[Event "White Rook U14 Final 2019"]
[Site "Sochi"]
[Date "2019.06.06"]
[Round "3.33"]
[White "Mertsalov, Roman"]
[Black "Sargsyan, Gor K."]
[Result "1-0"]
[WhiteElo "1349"]
[BlackElo "1641"]
[Annotator "NA RC"]
[PlyCount "75"]
[EventDate "2019.06.02"]
[EventCountry "RUS"]
[SourceTitle "playchess.com"]
[Source "ChessBase"]
[SourceQuality "1"]
[TimeControl "5400+30"]

1. d4 {[%emt 0:00:00]} Nf6 {[%emt 0:00:14]} 2. c4 {[%emt 0:00:09]} g6 {[%emt 0:00:00]} 3. Nc3 {[%emt 0:00:06]} Bg7 {[%emt 0:00:03]} 4. e4 {[%emt 0:00:08]} d6 {[%emt 0:00:03]} 5. g3 {[%emt 0:00:02]} O-O {[%emt 0:00:08]} 6. Bg2 {[%emt 0:00:09]} c5 {[%emt 0:00:11]} 7. Nge2 {[%emt 0:01:01]} a6 {[%emt 0:00:56]} 8. O-O {[%emt 0:02:31]} Qc7 {[%emt 0:00:20]} 9. dxc5 {[%emt 0:09:27]} Qxc5 {[%emt 0:06:53]} 10. Qb3 {[%emt 0:02:46]} Qc7 {[%emt 0:02:41]} 11. Be3 {[%emt 0:02:23]} Nbd7 {[%emt 0:01:32]} 12. Nd5 {[%emt 0:00:17]} Nxd5 {[%emt 0:04:55]} 13. cxd5 {[%emt 0:01:23]} Nc5 {[%emt 0:00:14]} 14. Bxc5 {[%emt 0:00:24]} dxc5 {[%emt 0:00:08]} 15. Rac1 {[%emt 0:00:48]} b6 {[%emt 0:00:41]} 16. f4 {[%emt 0:01:22]} Bg4 {[%emt 0:01:22]} 17. Nc3 {[%emt 0:00:47]} Bd4+ {[%emt 0:00:15]} 18. Kh1 {[%emt 0:02:21]} Rad8 {[%emt 0:00:19]} 19. h3 {[%emt 0:00:09]} Bc8 {[%emt 0:00:30]} 20. e5 {[%emt 0:00:04]} b5 {[%emt 0:00:09]} 21. Ne2 {[%emt 0:01:02]} Qa7 {[%emt 0:02:51]} 22. Nxd4 {[%emt 0:00:44]} cxd4 {[%emt 0:00:57]} 23. g4 {[%emt 0:00:36]} Bb7 {[%emt 0:00:03]} 24. f5 {[%emt 0:01:51]} Qa8 {[%emt 0:01:20]} 25. Rc5 {[%emt 0:05:24]} e6 {[%emt 0:03:15]} 26. fxg6 {[%emt 0:06:27]} fxg6 {[%emt 0:02:32]} 27. Rxf8+ {[%emt 0:00:52]} Kxf8 {[%emt 0:06:39]} 28. Qf3+ {[%emt 0:00:58]} Kg8 {[%emt 0:00:31]} 29. Qf6 {[%emt 0:00:45]} Rf8 {[%emt 0:00:15]} 30. Qxe6+ {[%emt 0:00:41]} Kh8 {[%emt 0:05:54]} 31. Qe7 {[%emt 0:00:22]} Rf2 {[%emt 0:00:10]} 32. Rc7 {[%emt 0:00:53]} Qg8 {[%emt 0:01:49]} 33. Rxb7 {[%emt 0:01:33]} d3 {[%emt 0:00:03]} 34. Qc5 {[%emt 0:00:44]} d2 {[%emt 0:00:03]} 35. Qd4 {[%emt 0:02:37]} Qf8 {[%emt 0:00:09]} 36. e6+ {[%emt 0:01:36]} Qf6 {[%emt 0:00:07]} 37. e7 {[%emt 0:00:06]} Rf1+ {[%emt 0:00:06]} 38. Bxf1 {[%emt 0:01:45]} 1-0

[Event "White Rook U14 Final 2019"]
[Site "Sochi"]
[Date "2019.06.06"]
[Round "3.34"]
[White "Grigoryan, Hayk V."]
[Black "Mertsalov, Semen"]
[Result "1/2-1/2"]
[WhiteElo "1423"]
[BlackElo "1477"]
[Annotator "NA RC"]
[PlyCount "132"]
[EventDate "2019.06.02"]
[EventCountry "RUS"]
[SourceTitle "playchess.com"]
[Source "ChessBase"]
[SourceQuality "1"]
[TimeControl "5400+30"]

1. e4 {[%emt 0:00:00]} c5 {[%emt 0:00:23]} 2. Nf3 {[%emt 0:00:06]} d6 {[%emt 0:00:08]} 3. d4 {[%emt 0:00:03]} cxd4 {[%emt 0:00:05]} 4. Nxd4 {[%emt 0:00:06]} Nf6 {[%emt 0:00:08]} 5. Nc3 {[%emt 0:00:05]} a6 {[%emt 0:00:09]} 6. f3 {[%emt 0:00:05]} e5 {[%emt 0:00:06]} 7. Nb3 {[%emt 0:00:02]} Be6 {[%emt 0:00:07]} 8. Be3 {[%emt 0:00:09]} Nbd7 {[%emt 0:00:06]} 9. Qd2 {[%emt 0:00:29]} b5 {[%emt 0:00:05]} 10. O-O-O {[%emt 0:01:11]} h5 {[%emt 0:00:56]} 11. Kb1 {[%emt 0:01:26]} Rc8 {[%emt 0:00:51]} 12. a3 {[%emt 0:05:15]} Be7 {[%emt 0:00:32]} 13. Rg1 {[%emt 0:01:07]} Qc7 {[%emt 0:00:13]} 14. Be2 {[%emt 0:00:00]} Nb6 {[%emt 0:01:26]} 15. Bxb6 {[%emt 0:03:18]} Qxb6 {[%emt 0:10:25]} 16. Nd5 {[%emt 0:00:06]} Bxd5 {[%emt 0:00:09]} 17. exd5 {[%emt 0:00:57]} a5 {[%emt 0:00:10]} 18. Qxa5 {[%emt 0:00:55]} Qxa5 {[%emt 0:00:29]} 19. Nxa5 {[%emt 0:00:21]} Rc5 {[%emt 0:00:05]} 20. Nb3 {[%emt 0:00:28]} Rxd5 {[%emt 0:00:20]} 21. Rxd5 {[%emt 0:00:08]} Nxd5 {[%emt 0:00:00]} 22. Bxb5+ {[%emt 0:00:12]} Kd8 {[%emt 0:00:00]} 23. Bc4 {[%emt 0:00:24]} Nf4 {[%emt 0:00:12]} 24. Bxf7 {[%emt 0:00:13]} Kc7 {[%emt 0:00:54]} 25. g3 {[%emt 0:00:06]} Rf8 {[%emt 0:01:00]} 26. Bc4 {[%emt 0:01:26]} Nh3 {[%emt 0:03:07]} 27. Rf1 {[%emt 0:01:46]} Ng5 {[%emt 0:00:46]} 28. Be2 {[%emt 0:00:12]} g6 {[%emt 0:00:59]} 29. c4 {[%emt 0:01:02]} Rb8 {[%emt 0:01:08]} 30. Kc2 {[%emt 0:00:56]} Ne6 {[%emt 0:00:09]} 31. Bd3 {[%emt 0:00:06]} g5 {[%emt 0:00:47]} 32. Kc3 {[%emt 0:00:12]} Bf6 {[%emt 0:00:11]} 33. Be4 {[%emt 0:00:21]} Nd4 {[%emt 0:00:02]} 34. Nc1 {[%emt 0:02:12]} Rb6 {[%emt 0:02:28]} 35. b4 {[%emt 0:03:27]} Ra6 {[%emt 0:02:04]} 36. Kb2 {[%emt 0:00:06]} Ra4 {[%emt 0:00:05]} 37. Nb3 {[%emt 0:04:05]} Ne6 {[%emt 0:00:45]} 38. Rd1 {[%emt 0:00:38]} Ra6 {[%emt 0:02:09]} 39. Rd5 {[%emt 0:11:35]} Rc6 {[%emt 0:03:58]} 40. Kc3 {[%emt 0:03:56]} Rb6 {[%emt 0:04:29]} 41. c5 {[%emt 0:02:30]} dxc5 {[%emt 0:05:20]} 42. Nxc5 {[%emt 0:00:23]} Nxc5 {[%emt 0:00:23]} 43. Rxc5+ {[%emt 0:00:52]} Kb8 {[%emt 0:04:01]} 44. Rc6 {[%emt 0:05:22]} Rxc6+ {[%emt 0:00:06]} 45. Bxc6 {[%emt 0:00:00]} e4+ {[%emt 0:00:06]} 46. Kd2 {[%emt 0:00:14]} exf3 {[%emt 0:00:07]} 47. Bxf3 {[%emt 0:00:06]} h4 {[%emt 0:00:00]} 48. gxh4 {[%emt 0:00:09]} gxh4 {[%emt 0:00:05]} 49. h3 {[%emt 0:00:03]} Kc7 {[%emt 0:00:05]} 50. Kd3 {[%emt 0:00:03]} Kb6 {[%emt 0:00:08]} 51. Kc4 {[%emt 0:00:12]} Ka6 {[%emt 0:00:13]} 52. a4 {[%emt 0:00:27]} Bd8 {[%emt 0:00:11]} 53. Bg4 {[%emt 0:00:14]} Bc7 {[%emt 0:00:17]} 54. Kc5 {[%emt 0:00:21]} Bb6+ {[%emt 0:02:45]} 55. Kc6 {[%emt 0:00:42]} Bd8 {[%emt 0:00:09]} 56. Bc8+ {[%emt 0:00:41]} Ka7 {[%emt 0:00:22]} 57. a5 {[%emt 0:00:08]} Kb8 {[%emt 0:09:31]} 58. Bg4 {[%emt 0:01:11]} Bc7 {[%emt 0:06:31]} 59. Kb5 {[%emt 0:04:53]} Ka7 {[%emt 0:04:45]} 60. Bf3 {[%emt 0:00:23]} Bd8 {[%emt 0:00:38]} 61. Kc6 {[%emt 0:00:11]} Kb8 {[%emt 0:02:16]} 62. Be2 {[%emt 0:00:43]} Bc7 {[%emt 0:00:14]} 63. Kd7 {[%emt 0:00:15]} Bf4 {[%emt 0:00:34]} 64. Kc6 {[%emt 0:00:07]} Bc7 {[%emt 0:01:25]} 65. a6 {[%emt 0:00:10]} Bd8 {[%emt 0:00:19]} 66. b5 {[%emt 0:00:16]} Ka7 {[%emt 0:01:36]} 1/2-1/2

[Event "White Rook U14 Final 2019"]
[Site "Sochi"]
[Date "2019.06.06"]
[Round "3.35"]
[White "Moshkin, Aleksandr"]
[Black "Hovhannisyan, Artyom"]
[Result "1/2-1/2"]
[WhiteElo "1462"]
[BlackElo "1458"]
[Annotator "NA RC"]
[PlyCount "98"]
[EventDate "2019.06.02"]
[EventCountry "RUS"]
[SourceTitle "playchess.com"]
[Source "ChessBase"]
[SourceQuality "1"]
[TimeControl "5400+30"]

1. Nf3 {[%emt 0:00:00]} Nf6 {[%emt 0:00:23]} 2. g3 {[%emt 0:00:00]} b6 {[%emt 0:00:12]} 3. Bg2 {[%emt 0:00:00]} Bb7 {[%emt 0:00:12]} 4. O-O {[%emt 0:00:00]} e6 {[%emt 0:00:01]} 5. d3 {[%emt 0:00:05]} Be7 {[%emt 0:00:34]} 6. Nbd2 {[%emt 0:00:09]} d6 {[%emt 0:01:46]} 7. e4 {[%emt 0:00:11]} Nbd7 {[%emt 0:00:19]} 8. Ne1 {[%emt 0:00:12]} e5 {[%emt 0:00:43]} 9. f4 {[%emt 0:00:23]} O-O {[%emt 0:01:53]} 10. f5 {[%emt 0:00:05]} d5 {[%emt 0:00:16]} 11. Qe2 {[%emt 0:00:41]} Re8 {[%emt 0:04:27]} 12. exd5 {[%emt 0:01:16]} Bxd5 {[%emt 0:00:24]} 13. Ne4 {[%emt 0:00:13]} Bxe4 {[%emt 0:00:39]} 14. dxe4 {[%emt 0:00:15]} Nc5 {[%emt 0:01:11]} 15. c3 {[%emt 0:00:19]} Qd7 {[%emt 0:00:59]} 16. g4 {[%emt 0:00:14]} Red8 {[%emt 0:02:30]} 17. g5 {[%emt 0:01:29]} Ne8 {[%emt 0:05:41]} 18. Be3 {[%emt 0:00:00]} a5 {[%emt 0:07:20]} 19. h4 {[%emt 0:15:10]} Qc6 {[%emt 0:03:01]} 20. Qg4 {[%emt 0:07:47]} Nd3 {[%emt 0:02:59]} 21. f6 {[%emt 0:02:46]} Bf8 {[%emt 0:00:11]} 22. Qf3 {[%emt 0:06:18]} g6 {[%emt 0:03:01]} 23. h5 {[%emt 0:00:22]} Bc5 {[%emt 0:03:17]} 24. hxg6 {[%emt 0:00:49]} hxg6 {[%emt 0:00:06]} 25. Kh2 {[%emt 0:00:53]} Bxe3 {[%emt 0:00:16]} 26. Qxe3 {[%emt 0:00:16]} Nf4 {[%emt 0:00:10]} 27. Rxf4 {[%emt 0:08:29]} exf4 {[%emt 0:00:46]} 28. Qxf4 {[%emt 0:00:37]} Qd6 {[%emt 0:01:24]} 29. Qxd6 {[%emt 0:09:27]} Rxd6 {[%emt 0:00:09]} 30. Nf3 {[%emt 0:00:08]} Rad8 {[%emt 0:00:35]} 31. Re1 {[%emt 0:00:11]} c5 {[%emt 0:00:32]} 32. Re2 {[%emt 0:00:49]} Nc7 {[%emt 0:00:20]} 33. e5 {[%emt 0:01:39]} Rd5 {[%emt 0:00:46]} 34. Bh3 {[%emt 0:01:18]} Ne6 {[%emt 0:01:20]} 35. Bxe6 {[%emt 0:00:39]} fxe6 {[%emt 0:00:05]} 36. Kg3 {[%emt 0:01:04]} R8d7 {[%emt 0:03:00]} 37. Nh4 {[%emt 0:00:42]} Kf7 {[%emt 0:00:33]} 38. Rh2 {[%emt 0:08:03]} Rd2 {[%emt 0:00:12]} 39. Ng2 {[%emt 0:00:40]} Rxb2 {[%emt 0:07:26]} 40. Rh7+ {[%emt 0:00:37]} Ke8 {[%emt 0:00:07]} 41. Rh8+ {[%emt 0:00:09]} Kf7 {[%emt 0:00:07]} 42. Nf4 {[%emt 0:00:32]} Rc2 {[%emt 0:23:43]} 43. Rh7+ {[%emt 0:00:22]} Ke8 {[%emt 0:00:07]} 44. Rxd7 {[%emt 0:00:38]} Kxd7 {[%emt 0:00:06]} 45. Nxg6 {[%emt 0:00:11]} Rxc3+ {[%emt 0:00:04]} 46. Kg4 {[%emt 0:00:16]} Ke8 {[%emt 0:00:21]} 47. Ne7 {[%emt 0:12:53]} Rc1 {[%emt 0:00:20]} 48. Kh5 {[%emt 0:00:41]} c4 {[%emt 0:01:16]} 49. Nc6 {[%emt 0:00:48]} Rd1 {[%emt 0:00:52]} 1/2-1/2

[Event "White Rook U14 Final 2019"]
[Site "Sochi"]
[Date "2019.06.06"]
[Round "3.36"]
[White "Hakobyan, Astghik"]
[Black "Shirokova, Sofiya"]
[Result "1-0"]
[WhiteElo "1791"]
[BlackElo "1539"]
[Annotator "NA RC"]
[PlyCount "73"]
[EventDate "2019.06.02"]
[EventCountry "RUS"]
[SourceTitle "playchess.com"]
[Source "ChessBase"]
[SourceQuality "1"]
[TimeControl "5400+30"]

1. e4 {[%emt 0:00:00]} c5 {[%emt 0:00:05]} 2. Nf3 {[%emt 0:00:06]} d6 {[%emt 0:00:10]} 3. Nc3 {[%emt 0:00:08]} Nf6 {[%emt 0:00:22]} 4. e5 {[%emt 0:00:08]} dxe5 {[%emt 0:00:09]} 5. Nxe5 {[%emt 0:00:08]} a6 {[%emt 0:00:11]} 6. a4 {[%emt 0:00:24]} e6 {[%emt 0:00:20]} 7. g3 {[%emt 0:01:25]} Qc7 {[%emt 0:00:19]} 8. Nc4 {[%emt 0:00:49]} Be7 {[%emt 0:00:51]} 9. Bg2 {[%emt 0:00:23]} O-O {[%emt 0:00:48]} 10. d3 {[%emt 0:01:08]} Nbd7 {[%emt 0:01:07]} 11. Qe2 {[%emt 0:00:43]} Bd6 {[%emt 0:01:47]} 12. a5 {[%emt 0:01:09]} Rb8 {[%emt 0:02:13]} 13. Na4 {[%emt 0:00:21]} Re8 {[%emt 0:01:32]} 14. b3 {[%emt 0:08:35]} Bf8 {[%emt 0:02:03]} 15. O-O {[%emt 0:15:40]} b5 {[%emt 0:04:46]} 16. axb6 {[%emt 0:01:40]} Nxb6 {[%emt 0:02:19]} 17. Naxb6 {[%emt 0:00:52]} Rxb6 {[%emt 0:00:06]} 18. Nxb6 {[%emt 0:01:02]} Qxb6 {[%emt 0:00:06]} 19. Bb2 {[%emt 0:00:08]} Nd7 {[%emt 0:00:09]} 20. Qe4 {[%emt 0:00:20]} Nb8 {[%emt 0:02:53]} 21. Bc3 {[%emt 0:01:07]} f5 {[%emt 0:01:30]} 22. Qf3 {[%emt 0:01:27]} Bd7 {[%emt 0:02:11]} 23. Qb7 {[%emt 0:01:28]} Qd6 {[%emt 0:03:44]} 24. f4 {[%emt 0:02:02]} Bc8 {[%emt 0:01:38]} 25. Qf3 {[%emt 0:01:16]} Qb6 {[%emt 0:02:16]} 26. Kh1 {[%emt 0:01:40]} g6 {[%emt 0:05:28]} 27. Rfe1 {[%emt 0:01:11]} Bg7 {[%emt 0:01:11]} 28. Be5 {[%emt 0:06:53]} Bxe5 {[%emt 0:00:29]} 29. Rxe5 {[%emt 0:01:09]} h6 {[%emt 0:01:22]} 30. g4 {[%emt 0:01:00]} Kh7 {[%emt 0:03:58]} 31. gxf5 {[%emt 0:01:02]} gxf5 {[%emt 0:01:12]} 32. Rae1 {[%emt 0:01:28]} Rg8 {[%emt 0:00:11]} 33. R1e2 {[%emt 0:01:01]} Rg7 {[%emt 0:00:23]} 34. Qf2 {[%emt 0:10:47]} Rc7 {[%emt 0:04:53]} 35. Qh4 {[%emt 0:01:29]} Nc6 {[%emt 0:06:42]} 36. Rxe6 {[%emt 0:01:26]} Bxe6 {[%emt 0:01:46]} 37. Rxe6 {[%emt 0:00:38]} 1-0

[Event "White Rook U14 Final 2019"]
[Site "Sochi"]
[Date "2019.06.06"]
[Round "4.1"]
[White "Kuzmin, Roman"]
[Black "Kurus, Artem"]
[Result "1-0"]
[WhiteElo "2119"]
[BlackElo "1769"]
[Annotator "TA"]
[PlyCount "97"]
[EventDate "2019.06.02"]
[EventCountry "RUS"]
[SourceTitle "playchess.com"]
[Source "ChessBase"]
[SourceQuality "1"]

{[%evp 14,97,26,33,35,33,56,22,29,19,44,17,24,9,12,0,20,0,25,0,20,0,1,0,9,7,0,0,34,9,60,39,43,16,52,56,81,68,64,28,58,0,83,71,81,50,62,0,90,40,27,11,110,119,118,119,104,83,123,110,157,125,122,111,119,105,231,124,177,178,313,316,316,313,336,336,335,338,337,327,375,360,370,363,391,380]} 1. e4 c6 2. d4 d5 3. Nc3 dxe4 4. Nxe4 Nf6 5. Nxf6+ exf6 6. c3 Bd6 7. Bd3 O-O 8. Qc2 Re8+ {B15: Caro-Kann: 3 Nc3: 3...g6 and 3...dxe4 4 Nxe4 Nf6 5 Nxf6+ exf6} 9. Ne2 (9. Be3 h6 10. Ne2 Na6 11. O-O Nc7 12. c4 Bg4 13. h3 Bxe2 14. Bxe2 Ne6 15. Rad1 Qc7 16. Bg4 Rad8 17. Rfe1 Bf4 18. Bxf4 Nxf4 19. Rxe8+ Rxe8 {½-½ (58) Svidler,P (2756)-Carlsen,M (2839) Porto Carras 2018}) 9... h5 10. Be3 Nd7 {The position is equal.} 11. O-O-O Nf8 12. h3 Qa5 13. Kb1 Be6 14. Nc1 (14. c4 {feels hotter.} b5 15. d5 cxd5 16. cxd5 Bxd5 17. Bh7+) 14... h4 $146 ({Predecessor:} 14... Qc7 15. c4 Bf4 16. Rhe1 {½-½ (31) Cawdery,D (2434)-Barrish,D (2181) Pretoria 2019}) 15. Bd2 Qc7 16. c4 Qd7 17. Nb3 b6 18. Rhe1 a5 {[%cal Ba7a5,Ba5a4][%mdl 32]} 19. Be4 {aiming for d5.} a4 20. Nc1 {Black must now prevent d5.} Qc7 21. Nd3 Ra7 (21... Ng6 $11) 22. c5 bxc5 23. Nxc5 Bxc5 24. Qxc5 Rc8 {[#]} 25. Rc1 $1 Bd7 26. a3 Rb7 27. Bd3 ({White should try} 27. Bb4 $14) 27... Qb6 (27... Rcb8 $11 {keeps the balance.} 28. Bb4 Qf4) 28. Qxb6 Rxb6 29. Re7 Be6 30. Bc4 (30. Bb4 $14) 30... Rbb8 (30... Rcb8 $1 $11 31. Bb4 Ng6) 31. Be3 Ra8 32. Rb7 Ng6 (32... Bf5+ $11 33. Ka2 Ne6) 33. Bxe6 $16 fxe6 34. Rc4 Ra6 35. Kc2 Kf8 36. Bd2 Nh8 37. Bb4+ Kg8 38. Re7 Ng6 39. Rxe6 Kf7 {[#]} (39... Nf4 $16 {keeps fighting.} 40. Re4 g5) 40. Re4 ({White must play} 40. Rd6 $1 $18) 40... f5 (40... Re8 $16 41. Kd3 Rxe4 42. Kxe4 Ne7) 41. Re3 $18 Re8 (41... Rd8 {was worth a try.} 42. g3 Rd5) 42. Rxe8 Kxe8 {[%mdl 4096] Endgame KRB-KRN} 43. Rc5 Kf7 44. Rxf5+ Ke6 45. Rg5 Kf6 46. Rh5 Ra8 47. Bc3 {White is winning.} Ke6 48. Rg5 Kf6 49. Rc5 {Accuracy: White = 40%, Black = 33%.} 1-0

[Event "White Rook U14 Final 2019"]
[Site "Sochi"]
[Date "2019.06.06"]
[Round "4.2"]
[White "Usov, Aleksandr E."]
[Black "Pingin, Artem"]
[Result "0-1"]
[WhiteElo "1812"]
[BlackElo "2108"]
[Annotator "TA"]
[PlyCount "94"]
[EventDate "2019.06.02"]
[EventCountry "RUS"]
[SourceTitle "playchess.com"]
[Source "ChessBase"]
[SourceQuality "1"]

{[%evp 19,94,0,14,21,39,28,85,20,52,36,25,18,66,64,77,81,95,95,102,94,94,97,97,93,93,95,109,72,70,77,67,29,22,5,16,0,0,-5,-10,-46,-57,-89,-89,-166,-131,-124,-131,-122,-91,-134,-131,-218,-215,-216,-203,-292,-284,-283,-286,-562,-554,-611,-612,-650,-634,-627,-588,-606,-545,-1168,-1129,-1093,-1091,-939,-832,-812,-731]} 1. e4 c5 2. c3 Nf6 3. e5 Nd5 4. d4 cxd4 5. Nf3 Nc6 6. Bc4 e6 7. cxd4 d6 8. O-O Be7 9. Qe2 O-O 10. Qe4 Ndb4 {[#] Threatens to win with ...d5.} 11. exd6 {B22: Sicilian: 2 c3} Bxd6 (11... Qxd6 12. Bf4 Qd8 13. Rc1 Na5 14. Bf1 Qd5 15. Qe1 Nac6 16. Nc3 Qf5 17. Qd2 Nd5 18. Bg3 Nxc3 19. bxc3 {1-0 (35) Markovic,M (2486)-Pikula,D (2489) Pozarevac 2013}) 12. Nc3 Na5 (12... h6 $11) 13. Be2 $146 ({White should play} 13. Ng5 $16 {[%csl Gg5][%cal Re4h7]} g6 14. Qh4) ({Predecessor:} 13. Ng5 g6 14. Qh4 h5 15. Be2 Be7 16. Bxh5 Kg7 17. Bxg6 Rh8 18. Bh7 Kf8 19. Qh6+ Ke8 20. Nxf7 {1-0 (20) Esenbek Uulu,B (2029)-Zhusupov,M (1874) Bishkek 2018}) 13... f5 14. Qb1 $1 Nd5 15. Bg5 Be7 16. Bxe7 Nxe7 17. Rd1 $36 {[%mdl 2048] Keeping Black busy.} Nac6 18. Qc2 Nb4 19. Qb3 Qb6 20. Bc4 Rd8 21. Ne5 Nbd5 22. Nxd5 Nxd5 23. Bxd5 (23. Rac1 {feels hotter.} Bd7 24. Bxd5 exd5 25. Qxb6 axb6 26. a3) 23... Rxd5 24. Qxb6 axb6 25. Nc4 Ra6 26. Ne3 Rd8 27. d5 f4 28. dxe6 {[%cal Rd1d8] [#]} Rxd1+ 29. Rxd1 {[%cal Rd1d8]} Bxe6 $11 {[%mdl 4096] Endgame KRB-KRN} 30. Rd6 Kf7 ({But not} 30... Rxa2 $6 31. Rxe6 fxe3 32. fxe3 $11) 31. Nc2 (31. Nd1 $17 {was necessary.}) 31... Ke7 ({Of course not} 31... Bxa2 $6 32. Nb4 $11) 32. Rd1 Rxa2 33. Nd4 {Black must now prevent Re1.} Kf6 34. Rb1 Bf7 35. b4 (35. Ne2 $17) 35... Bg6 $19 36. Rd1 Rb2 37. b5 (37. g3 {is a better defense.}) 37... Rb1 38. Rxb1 Bxb1 {KB-KN} 39. h4 $2 (39. Kf1) 39... Bd3 {Black is clearly winning.} 40. g3 fxg3 41. fxg3 Ke5 42. Nf3+ Kd5 43. g4 Be2 44. Nh2 Bxb5 45. Kf2 Ke4 46. Nf3 h6 47. g5 h5 {Accuracy: White = 42%, Black = 79%.} 0-1

[Event "White Rook U14 Final 2019"]
[Site "Sochi"]
[Date "2019.06.06"]
[Round "4.3"]
[White "Shirkunov, Alexandr"]
[Black "Saikin, Ilia"]
[Result "1-0"]
[WhiteElo "1557"]
[BlackElo "1641"]
[Annotator "NA RC"]
[PlyCount "95"]
[EventDate "2019.06.02"]
[EventCountry "RUS"]
[SourceTitle "playchess.com"]
[Source "ChessBase"]
[SourceQuality "1"]
[TimeControl "5400+30"]

1. d4 {[%emt 0:00:00]} Nf6 {[%emt 0:00:00]} 2. c4 {[%emt 0:00:00]} e6 {[%emt 0:00:00]} 3. g3 {[%emt 0:00:00]} Bb4+ {[%emt 0:00:00]} 4. Bd2 {[%emt 0:00:00]} Qe7 {[%emt 0:00:00]} 5. Bg2 {[%emt 0:00:00]} Nc6 {[%emt 0:00:00]} 6. Nf3 {[%emt 0:01:05]} Bxd2+ {[%emt 0:00:00]} 7. Nbxd2 {[%emt 0:00:11]} d6 {[%emt 0:00:04]} 8. O-O {[%emt 0:00:59]} O-O {[%emt 0:00:07]} 9. Qc2 {[%emt 0:00:00]} a5 {[%emt 0:01:24]} 10. e4 {[%emt 0:08:35]} e5 {[%emt 0:00:00]} 11. d5 {[%emt 0:00:10]} Nb8 {[%emt 0:00:00]} 12. Ne1 {[%emt 0:00:04]} Na6 {[%emt 0:02:34]} 13. Nd3 {[%emt 0:00:55]} c6 {[%emt 0:00:33]} 14. f4 {[%emt 0:06:14]} cxd5 {[%emt 0:00:54]} 15. cxd5 {[%emt 0:00:13]} Bd7 {[%emt 0:00:47]} 16. fxe5 {[%emt 0:11:37]} dxe5 {[%emt 0:00:10]} 17. Qc3 {[%emt 0:00:32]} Bb5 {[%emt 0:02:04]} 18. Rfc1 {[%emt 0:01:33]} Bxd3 {[%emt 0:03:11]} 19. Qxd3 {[%emt 0:00:00]} b5 {[%emt 0:03:32]} 20. Qxb5 {[%emt 0:01:51]} Qa7+ {[%emt 0:00:25]} 21. Kh1 {[%emt 0:01:54]} Rfb8 {[%emt 0:12:32]} 22. Qxa5 {[%emt 0:03:53]} Rxb2 {[%emt 0:01:05]} 23. Qc3 {[%emt 0:00:06]} Rab8 {[%emt 0:02:04]} 24. Qxb2 {[%emt 0:00:05]} Ng4 {[%emt 0:01:19]} 25. h3 {[%emt 0:00:48]} Nf2+ {[%emt 0:00:45]} 26. Kh2 {[%emt 0:00:38]} Nd3 {[%emt 0:00:04]} 27. Qc3 {[%emt 0:00:28]} Nxc1 {[%emt 0:00:05]} 28. Rxc1 {[%emt 0:00:00]} h6 {[%emt 0:00:37]} 29. Qxe5 {[%emt 0:00:15]} f6 {[%emt 0:00:26]} 30. Qe6+ {[%emt 0:00:51]} Kh7 {[%emt 0:00:04]} 31. Qf5+ {[%emt 0:00:00]} Kg8 {[%emt 0:00:14]} 32. Rc8+ {[%emt 0:00:00]} Rxc8 {[%emt 0:00:00]} 33. Qxc8+ {[%emt 0:00:00]} Kh7 {[%emt 0:00:00]} 34. Qf5+ {[%emt 0:00:19]} Kg8 {[%emt 0:00:24]} 35. d6 {[%emt 0:00:14]} Nc5 {[%emt 0:00:10]} 36. Qd5+ {[%emt 0:01:04]} Kh7 {[%emt 0:00:05]} 37. e5 {[%emt 0:00:20]} h5 {[%emt 0:00:44]} 38. e6 {[%emt 0:00:20]} h4 {[%emt 0:00:21]} 39. Ne4 {[%emt 0:02:44]} hxg3+ {[%emt 0:00:21]} 40. Nxg3 {[%emt 0:00:08]} f5 {[%emt 0:00:19]} 41. Qxf5+ {[%emt 0:00:15]} Kh8 {[%emt 0:00:04]} 42. Qf8+ {[%emt 0:00:24]} Kh7 {[%emt 0:00:08]} 43. Qf5+ {[%emt 0:00:41]} Kh8 {[%emt 0:00:07]} 44. e7 {[%emt 0:00:04]} Qa8 {[%emt 0:00:54]} 45. Bxa8 {[%emt 0:00:14]} g6 {[%emt 0:00:03]} 46. Qxg6 {[%emt 0:00:18]} Nd7 {[%emt 0:00:18]} 47. e8=R+ {[%emt 0:00:06]} Nf8 {[%emt 0:00:04]} 48. Rxf8# {[%emt 0:00:03]} 1-0

[Event "White Rook U14 Final 2019"]
[Site "Sochi"]
[Date "2019.06.06"]
[Round "4.4"]
[White "Krupnova, Anna"]
[Black "Toledo Flores, Marianna"]
[Result "1-0"]
[WhiteElo "1714"]
[BlackElo "1530"]
[Annotator "NA RC"]
[PlyCount "43"]
[EventDate "2019.06.02"]
[EventCountry "RUS"]
[SourceTitle "playchess.com"]
[Source "ChessBase"]
[SourceQuality "1"]
[TimeControl "5400+30"]

1. d4 {[%emt 0:00:00]} Nf6 {[%emt 0:00:00]} 2. c4 {[%emt 0:00:00]} e6 {[%emt 0:00:00]} 3. Nf3 {[%emt 0:00:00]} a6 {[%emt 0:00:00]} 4. Nc3 {[%emt 0:03:38]} d5 {[%emt 0:00:00]} 5. cxd5 {[%emt 0:02:20]} Nxd5 {[%emt 0:00:27]} 6. e4 {[%emt 0:04:19]} Nxc3 {[%emt 0:00:12]} 7. bxc3 {[%emt 0:00:06]} c5 {[%emt 0:00:10]} 8. Be2 {[%emt 0:02:37]} Be7 {[%emt 0:01:21]} 9. O-O {[%emt 0:02:43]} O-O {[%emt 0:00:00]} 10. Be3 {[%emt 0:02:25]} Qa5 {[%emt 0:01:58]} 11. Qc2 {[%emt 0:04:55]} Nd7 {[%emt 0:02:21]} 12. e5 {[%emt 0:12:39]} Rd8 {[%emt 0:02:40]} 13. Ng5 {[%emt 0:03:24]} g6 {[%emt 0:00:55]} 14. h4 {[%emt 0:04:33]} Qc7 {[%emt 0:01:19]} 15. Qe4 {[%emt 0:08:12]} Rb8 {[%emt 0:03:07]} 16. h5 {[%emt 0:04:40]} Nf8 {[%emt 0:00:35]} 17. Qf4 {[%emt 0:05:13]} Bxg5 {[%emt 0:00:45]} 18. Qxg5 {[%emt 0:00:16]} c4 {[%emt 0:01:18]} 19. Qh6 {[%emt 0:07:25]} Nd7 {[%emt 0:01:42]} 20. Bg5 {[%emt 0:03:00]} f6 {[%emt 0:00:40]} 21. exf6 {[%emt 0:01:07]} Rf8 {[%emt 0:00:11]} 22. Qg7# {[%emt 0:00:26]} 1-0